| 000 | 00531nam a22001817a 4500 | ||
|---|---|---|---|
| 003 | NUST - PNEC | ||
| 005 | 20170116180819.0 | ||
| 008 | 150615b xxu||||| |||| 00| 0 eng d | ||
| 020 | _a- | ||
| 040 | _cLIBRARY | ||
| 082 | _a398.2095'45 SWY | ||
| 100 |
_93957 _aSwynnerton, Rev. Charles |
||
| 245 |
_aFolk tales from the Upper Indus (Reprint) _cRev. Charles Swynnerton, F.S.A., |
||
| 260 |
_aIslamabad: _bNational Institute of Folk Heritage, |
||
| 300 |
_a380 p. : _c22 cm. |
||
| 650 |
_93960 _aFolk _xGeneral |
||
| 942 |
_2ddc _cBK |
||
| 999 |
_c63658 _d63658 |
||